The intermediaries ; third parties in international crises /

Bibliographic Details
Main Author: Young, Oran R.
Corporate Author: Woodrow Wilson School of Public and International Affairs. Center of International Studies
Format: Book
Language:English
Published: Princeton, N.J. : Published for the Center of International Studies, Princeton University [by] Princeton University Press, 1967.
Subjects:

MARC

Tag First Indicator Second Indicator Subfields
LEADER 00000cam a2200000 4500
001 in00000056268
005 20151008052419.0
008 701120s1967 njua b 00110 eng
010 |a  66026590  
035 |a (OCoLC)00325751 
035 |9 AAH3224AM 
040 |a DLC  |c DLC  |d TXA  |d UtOrBLW 
049 |a TXAM  |c [468396] 
050 0 0 |a JX1291  |b .Y6 
082 0 |a 341.6 
092 |a 341.6  |b Y74i 
100 1 |a Young, Oran R. 
245 1 4 |a The intermediaries ;  |b third parties in international crises /  |c by Oran R. Young. 
264 1 |a Princeton, N.J. :  |b Published for the Center of International Studies, Princeton University [by] Princeton University Press,  |c 1967. 
300 |a viii, 427 pages :  |b illustrations ;  |c 23 cm. 
336 |a text  |b txt  |2 rdacontent 
337 |a unmediated  |b n  |2 rdamedia 
338 |a volume  |b nc  |2 rdacarrier 
504 |a Bibliography: pages 401-420. 
650 0 |a International relations  |x Research. 
650 0 |a Intervention (International law) 
710 2 |a Woodrow Wilson School of Public and International Affairs.  |b Center of International Studies. 
740 0 |a Third parties in international crises. 
999 |a MARS 
999 f f |s c46dac5b-9f65-3ab0-8617-9e46e49ecb11  |i d5d613e3-7790-3b16-9b5b-b3535d319b49  |t 0 
952 f f |p ric  |a Texas A&M University  |b Rellis Campus  |c Joint Library Facility  |d Remote Storage  |t 0  |e JX1291 .Y6  |h Library of Congress classification  |i unmediated -- volume  |m A14800785047 
998 f f |a JX1291 .Y6  |t 0  |l Remote Storage